[Event "Toronto Class ch"]
[Site "Toronto CAN"]
[Date "1989.01.28"]
[Round "2"]
[White "Bailey, Doug"]
[Black "Pacey, Kevin"]
[Result "1-0"]
[WhiteElo "2418"]
[BlackElo "2303"]
[PlyCount "113"]
[GameId "2160767912519799"]
[EventDate "1989.01.27"]
[EventType "swiss"]
[EventRounds "5"]
[EventCountry "CAN"]

1. e4 e6 2. d4 d5 3. Nc3 Bb4 4. e5 Ne7 5. a3 Bxc3+ 6. bxc3 c5 7. a4 Nbc6 8. Nf3 Qa5 9. Qd2 Bd7 10. Bd3 f6 11. exf6 gxf6 12. dxc5 O-O-O 13. Nd4 Ne5 14. Ba3 Nc4 15. Bb4 Qa6 16. Qc1 e5 17. Nb5 Bxb5 18. axb5 Qxb5 19. Ra5 Qd7 20. Rxa7 Nc6 21. Ra8+ Kc7 22. Ra1 Rhg8 23. g3 Qh3 24. Bf1 Qf5 25. Bg2 e4 26. O-O d4 27. Qh6 d3 28. cxd3 exd3 29. Bh3 Qg5 30. Qxh7+ Rg7 31. Qf5 Qxf5 32. Bxf5 d2 33. Rab1 Re7 34. h4 N6e5 35. Kg2 Nd3 36. c6 Ne1+ 37. Kh3 Re5 38. Bg4 bxc6 39. f4 Re4 40. Bc5 Nd3 41. Bd4 Re1 42. Bxf6 Rde8 43. Bd4 c5 44. Bg1 Rxb1 45. Rxb1 Re1 46. Rd1 Ndb2 47. Rxd2 Nxd2 48. Bxc5 Ne4 49. Bd4 Nd1 50. Bf3 Nexc3 51. h5 Ne2 52. Be5+ Kd7 53. h6 Ng1+ 54. Kg2 Nxf3 55. h7 Rg1+ 56. Kxf3 Rf1+ 57. Ke2 1-0

[Event "Toronto Class ch"]
[Site "Toronto CAN"]
[Date "1989.01.28"]
[Round "3"]
[White "Pacey, Kevin"]
[Black "Gratton, G."]
[Result "1-0"]
[WhiteElo "2303"]
[BlackElo "1944"]
[PlyCount "87"]
[GameId "2160767912519800"]
[EventDate "1989.01.27"]
[EventType "swiss"]
[EventRounds "5"]
[EventCountry "CAN"]

1. e4 c5 2. Nf3 Nc6 3. d4 cxd4 4. Nxd4 g6 5. c4 Bg7 6. Be3 Nh6 7. Be2 d6 8. Nc3 O-O 9. O-O f5 10. exf5 Nxd4 11. Bxd4 Bxd4 12. Qxd4 Nxf5 13. Qd5+ e6 14. Qd2 e5 15. Bf3 Nd4 16. Bd5+ Kg7 17. f4 Bf5 18. Kh1 Qc7 19. fxe5 dxe5 20. Ne2 Nxe2 21. Qxe2 Rae8 22. Rae1 h5 23. b3 Re7 24. Qe3 b6 25. h3 Qd6 26. Qg3 Qc7 27. Rf3 Kh6 28. Rfe3 Rfe8 29. Be4 Bxe4 30. Rxe4 Qd6 31. Qe3+ Kg7 32. Qc3 Kh6 33. b4 g5 34. c5 bxc5 35. bxc5 Qc7 36. h4 gxh4 37. Rxh4 Rg7 38. Qe3+ Rg5 39. g4 Qc6+ 40. Kh2 Kg6 41. gxh5+ Kh6 42. Rg1 Reg8 43. Rxg5 Rxg5 44. Rg4 1-0

[Event "Toronto Class ch"]
[Site "Toronto CAN"]
[Date "1989.01.29"]
[Round "4"]
[White "Pacey, Kevin"]
[Black "Findlay, Ian"]
[Result "0-1"]
[WhiteElo "2303"]
[BlackElo "2418"]
[PlyCount "102"]
[GameId "2160767912519802"]
[EventDate "1989.01.27"]
[EventType "swiss"]
[EventRounds "5"]
[EventCountry "CAN"]

1. e4 c5 2. Nc3 Nc6 3. g3 g6 4. Bg2 Bg7 5. d3 d6 6. Nge2 e6 7. O-O Nge7 8. Bg5 h6 9. Bd2 O-O 10. Rb1 b6 11. a3 Bb7 12. b4 Qd7 13. f4 Nd4 14. g4 f5 15. gxf5 exf5 16. bxc5 dxc5 17. Ng3 Rad8 18. a4 Bc6 19. exf5 Ndxf5 20. Nxf5 Nxf5 21. Qg4 Kh7 22. Nb5 h5 23. Bxc6 Qxc6 24. Qg2 Qd7 25. Rbe1 a6 26. Nc3 Rfe8 27. Ne4 c4 28. Ng5+ Kg8 29. dxc4 Qd4+ 30. Kh1 Rxe1 31. Bxe1 Qxc4 32. Bf2 Rd2 33. Qa8+ Bf8 34. Kg1 Rxc2 35. Nh7 Kxh7 36. Qxf8 b5 37. axb5 axb5 38. Re1 Rc1 39. Rxc1 Qxc1+ 40. Kg2 Qc6+ 41. Kg1 Qc4 42. Bc5 Qxf4 43. Qf7+ Kh6 44. Bf8+ Kg5 45. h4+ Kg4 46. Qxg6+ Kh3 47. Qg2+ Kxh4 48. Kh1 Ng3+ 49. Kg1 Qe3+ 50. Kh2 Qe2 51. Be7+ Kg4 0-1

[Event "Toronto Class ch"]
[Site "Toronto CAN"]
[Date "1989.01.29"]
[Round "4"]
[White "Southam, David"]
[Black "Thomson, Phillip"]
[Result "1-0"]
[WhiteElo "2313"]
[BlackElo "1974"]
[PlyCount "67"]
[GameId "2160767912519803"]
[EventDate "1989.01.27"]
[EventType "swiss"]
[EventRounds "5"]
[EventCountry "CAN"]
[SourceTitle "CFC 1989.04"]

1. e4 e6 2. d4 d5 3. Nd2 c5 4. Ngf3 cxd4 5. exd5 Qxd5 6. Bc4 Qd8 7. O-O Nf6 8. Nb3 Nc6 9. Nbxd4 Nxd4 10. Nxd4 a6 11. c3 Be7 12. Qf3 Qc7 13. Bb3 O-O 14. Bg5 Bd7 15. Rfe1 Qb6 16. Rad1 Bc6 17. Qh3 Rfe8 18. Nxe6 fxe6 19. Rxe6 Kh8 20. Bc2 Kg8 21. Bxf6 Bxf6 22. Qxh7+ Kf7 23. Rxf6+ Kxf6 24. Qg6+ Ke7 25. Qxg7+ Ke6 26. Qg6+ Ke7 27. Qg5+ Kf8 28. Qf6+ Kg8 29. Bb3+ Kh7 30. Qf7+ Kh8 31. Qf6+ Kh7 32. Bc2+ Kg8 33. Qg6+ Kf8 34. Bb3 1-0

[Event "Toronto Class ch"]
[Site "Toronto CAN"]
[Date "1989.01.29"]
[Round "5"]
[White "Bailey, Doug"]
[Black "Southam, David"]
[Result "1-0"]
[WhiteElo "2423"]
[BlackElo "2313"]
[PlyCount "149"]
[GameId "2160767912519804"]
[EventDate "1989.01.27"]
[EventType "swiss"]
[EventRounds "5"]
[EventCountry "CAN"]
[SourceTitle "CFC 1989.04"]

1. e4 e6 2. d4 d5 3. Nc3 Bb4 4. e5 Ne7 5. a3 Bxc3+ 6. bxc3 c5 7. a4 Qa5 8. Qd2 Nbc6 9. Nf3 Bd7 10. Bd3 Rc8 11. O-O cxd4 12. cxd4 Qxd2 13. Bxd2 b6 14. Rfb1 O-O 15. Ra3 h6 16. h4 f6 17. a5 fxe5 18. Nxe5 Nxe5 19. dxe5 Nc6 20. axb6 axb6 21. f4 Nd4 22. Ra7 Be8 23. Rxb6 Rf7 24. Rxf7 Bxf7 25. c3 Nc6 26. Bb5 Na5 27. Be1 Nc4 28. Rc6 Rxc6 29. Bxc6 h5 30. Bf2 Bg6 31. Ba4 Nb2 32. Bb3 Bf5 33. g3 Kf7 34. Bc5 Bg4 35. Bc2 Nc4 36. Kf2 Nd2 37. Bb4 Nc4 38. Bd3 Nb2 39. Bc2 Nd1+ 40. Kg1 Ne3 41. Bb3 Nf5 42. Kf2 Nh6 43. c4 dxc4 44. Bxc4 Nf5 45. Bc5 Nh6 46. Ke1 Nf5 47. Bf2 Bf3 48. Kd2 Bg4 49. Kc3 Nh6 50. Kd4 Ng8 51. Kc5 Nh6 52. Kd6 Ng8 53. Kd7 Ne7 54. Kd6 Nc8+ 55. Kd7 Ne7 56. Bb5 Nf5 57. Kd8 g6 58. Be8+ Kg7 59. Kd7 Nh6 60. Bc5 Ng8 61. Be7 Bf5 62. Bg5 Bg4 63. Kd6 Bf5 64. Ba4 Kf7 65. Bb3 Bg4 66. Bc2 Bh3 67. f5 gxf5 68. Bb3 f4 69. gxf4 Bg4 70. Bc2 Bh3 71. f5 exf5 72. e6+ Kf8 73. Bh6+ Nxh6 74. e7+ Kf7 75. Bb3+ 1-0

[Event "Toronto Closed reserves"]
[Site "Toronto CAN"]
[Date "1989.??.??"]
[Round "?"]
[White "Cheron, Anthony"]
[Black "Walker, Ben"]
[Result "0-1"]
[WhiteElo "1967"]
[BlackElo "2188"]
[PlyCount "122"]
[GameId "2160767912519837"]
[EventDate "1989.01.11"]
[EventType "tourn"]
[EventRounds "11"]
[EventCountry "CAN"]
[SourceTitle "CFC 1989.06"]

1. e4 e5 2. Nf3 Nc6 3. d3 g6 4. g3 Bg7 5. Bg2 d6 6. O-O Bd7 7. h3 h5 8. c3 Qc8 9. Kh2 Nf6 10. Ne1 h4 11. g4 Nd8 12. f3 Ne6 13. Nc2 Ng8 14. Be3 Bh6 15. Rf2 Qd8 16. Bxh6 Nxh6 17. Qd2 Qe7 18. Bf1 Kf8 19. Ne3 Kg7 20. Na3 f6 21. Ng2 g5 22. Nc2 Nf4 23. Nce3 Nf7 24. Nf5+ Bxf5 25. gxf5 Nxg2 26. Rxg2 Kh7 27. Be2 Rhd8 28. Qe3 d5 29. Qf2 d4 30. c4 Qb4 31. Bd1 a5 32. a3 Qf8 33. Bc2 Nd6 34. Rag1 Qh6 35. Rg4 Ne8 36. f4 exf4 37. e5 Ng7 38. exf6 Nxf5 39. Rxg5 Ng3 40. Qxf4 Rg8 41. Rg7+ Rxg7 42. Qxh6+ Kxh6 43. fxg7 Rg8 44. Bd1 Rxg7 45. Re1 Kg5 46. Bg4 Kf4 47. Kg2 Rg6 48. b3 c5 49. Re7 Rb6 50. Bd1 a4 51. bxa4 Rb2+ 52. Kg1 Rb1 53. Re1 Ra1 54. Kf2 Rxa3 55. Bc2 Ra2 56. Rc1 b6 57. Ke1 Ke3 58. Kd1 Ne2 59. Rb1 Nc3+ 60. Kc1 Rxc2+ 61. Kxc2 Nxb1 0-1

[Event "Toronto Closed reserves"]
[Site "Toronto CAN"]
[Date "1989.02.??"]
[Round "?"]
[White "Littke, Adam"]
[Black "Haziprodromu, Sam"]
[Result "1-0"]
[WhiteElo "2171"]
[BlackElo "1956"]
[PlyCount "69"]
[GameId "2160767912519839"]
[EventDate "1989.01.11"]
[EventType "tourn"]
[EventRounds "11"]
[EventCountry "CAN"]

1. d4 Nf6 2. c4 c5 3. d5 b5 4. Nf3 g6 5. a4 bxc4 6. Nc3 Bg7 7. e4 O-O 8. Bxc4 d6 9. h3 Ba6 10. Bxa6 Nxa6 11. Qe2 Nb4 12. O-O e6 13. dxe6 fxe6 14. e5 dxe5 15. Rd1 Qe7 16. Bg5 Qc7 17. Nb5 Qc6 18. Bxf6 Bxf6 19. Rd6 Qb7 20. Nxe5 a6 21. Nd7 Bg7 22. Nxf8 Rxf8 23. Qxe6+ Qf7 24. Qxf7+ Kxf7 25. Nc3 Bd4 26. Ne4 Ke7 27. Rb6 Rf4 28. Re1 Nd3 29. Re2 Kf8 30. Rxa6 Nxb2 31. Nd6 Kg7 32. Re7+ Kh6 33. Raa7 Rxf2 34. Rxh7+ Kg5 35. Ne4+ 1-0

[Event "Toronto Closed reserves"]
[Site "Toronto CAN"]
[Date "1989.02.05"]
[Round "1"]
[White "Veltmann, Martin"]
[Black "Haziprodromu, Sam"]
[Result "1-0"]
[WhiteElo "2044"]
[BlackElo "1956"]
[PlyCount "89"]
[GameId "2160767912519840"]
[EventDate "1989.01.11"]
[EventType "tourn"]
[EventRounds "11"]
[EventCountry "CAN"]
[SourceTitle "mv"]

1. e4 c5 2. Nf3 e6 3. Nc3 g6 4. d4 cxd4 5. Nxd4 a6 6. Be3 Bg7 7. Qd2 Nc6 8. O-O-O Qa5 9. Be2 Nge7 10. Nb3 Qb4 11. Bc5 Bxc3 12. Bxb4 Bxd2+ 13. Bxd2 d5 14. Bc3 Rg8 15. Bf3 dxe4 16. Bxe4 f5 17. Bf3 a5 18. Rhe1 a4 19. Nc5 Kf7 20. Rd6 Rd8 21. Rxd8 Nxd8 22. Rd1 Ke8 23. Be2 Ndc6 24. Bc4 Nd5 25. Bxd5 exd5 26. Rxd5 b6 27. Nd3 Ke7 28. Nb4 Ke6 29. Rb5 Nxb4 30. Rxb6+ Kd5 31. Rxb4 Bd7 32. Rd4+ Kc6 33. Bb4 Re8 34. Kd2 Kc7 35. f4 Bb5 36. c4 Bc6 37. g3 Re4 38. Bc3 Kb6 39. b4 axb3 40. axb3 Re8 41. Rd6 Kc5 42. Be5 Ra8 43. Kc3 Ra2 44. b4+ Kb6 45. b5 1-0

[Event "Toronto Closed reserves"]
[Site "Toronto CAN"]
[Date "1989.02.08"]
[Round "2"]
[White "Fletcher, Andy"]
[Black "Veltmann, Martin"]
[Result "1/2-1/2"]
[WhiteElo "1966"]
[BlackElo "2044"]
[PlyCount "160"]
[GameId "2160767912519841"]
[EventDate "1989.01.11"]
[EventType "tourn"]
[EventRounds "11"]
[EventCountry "CAN"]
[SourceTitle "mv"]

1. e4 c5 2. Nf3 Nc6 3. d4 cxd4 4. Nxd4 Nf6 5. Nc3 d6 6. Bg5 e6 7. Qd2 Be7 8. O-O-O Nxd4 9. Qxd4 a6 10. f4 Qa5 11. Be2 O-O 12. Bf3 e5 13. Qa4 Qc5 14. Bxf6 Bxf6 15. Nd5 b5 16. Qb3 Be6 17. f5 Bxd5 18. Rxd5 Qb6 19. Rhd1 Be7 20. f6 Bxf6 21. Rxd6 Qf2 22. Kb1 h6 23. Rd7 Rad8 24. Rxd8 Bxd8 25. a4 Qb6 26. axb5 axb5 27. Rf1 Bf6 28. Be2 b4 29. Bc4 Qd4 30. Qxb4 Qa7 31. Bd5 Rb8 32. Qc3 Rb6 33. Qc8+ Kh7 34. Qf5+ g6 35. Qf2 Kg7 36. g3 Qa5 37. Qe1 Qb5 38. Bb3 Ra6 39. h4 Qb7 40. Qe2 Qa8 41. Kc1 Ra1+ 42. Kd2 Rxf1 43. Qxf1 Qxe4 44. Qc4 Qg2+ 45. Kc1 Qg1+ 46. Kd2 Qf2+ 47. Kd1 Be7 48. Qd5 Qf5 49. Bc4 e4 50. Qxf5 gxf5 51. Ke2 Bd6 52. Kf2 f4 53. g4 Kg6 54. Bd5 f5 55. Be6 fxg4 56. Bxg4 h5 57. Bd7 Be7 58. Be8+ Kf5 59. Bxh5 Bxh4+ 60. Kg2 Bf6 61. c3 Bh4 62. b4 Be1 63. b5 Bxc3 64. b6 Bd4 65. b7 Ba7 66. Bd1 Ke5 67. Be2 Kd4 68. Kf2 Kc3+ 69. Ke1 Bb8 70. Bh5 Kd3 71. Be2+ Ke3 72. Kf1 f3 73. Bb5 Kf4 74. Bc4 e3 75. Bb5 Bc7 76. Ke1 Ke5 77. Bd3 Kd4 78. Bb5 Bg3+ 79. Kd1 Kc5 80. Bd3 Bc7 1/2-1/2

[Event "Toronto Closed reserves"]
[Site "Toronto CAN"]
[Date "1989.02.12"]
[Round "3"]
[White "Veltmann, Martin"]
[Black "Vaichaitis, Rimantas"]
[Result "0-1"]
[Annotator ",Hugh"]
[WhiteElo "2044"]
[BlackElo "2099"]
[PlyCount "67"]
[GameId "2160767740584201"]
[EventDate "1989.01.11"]
[EventType "tourn"]
[EventRounds "11"]
[EventCountry "CAN"]
[SourceTitle "mv"]

1. c4 e5 2. Nc3 Nc6 3. g3 Nf6 4. Bg2 g6 5. e3 Bg7 6. Nge2 O-O 7. O-O d6 8. d4 Bd7 9. d5 Na5 10. b3 b6 11. e4 Nb7 12. f3 a5 13. a3 Nc5 14. Be3 a4 15. b4 Nb3 16. Ra2 Ra7 17. Nc1 Nxc1 18. Qxc1 Re8 19. c5 bxc5 20. bxc5 Ra5 21. c6 Bc8 22. Qd2 Ba6 23. Rb1 Bc4 24. Rab2 Qa8 25. Bf1 Bb3 26. Nb5 Rc8 27. Nxc7 Rxc7 28. Bb6 Raa7 29. Qe3 Re7 30. Rc1 Bf8 31. Bc4 Bg7 32. Bxb3 axb3 33. Rxb3 Ra4 34. f4 {etc. (64)} 0-1

[Event "Toronto Closed reserves"]
[Site "Toronto CAN"]
[Date "1989.02.15"]
[Round "5"]
[White "Veltmann, Martin"]
[Black "Merson, Boris"]
[Result "0-1"]
[WhiteElo "2044"]
[BlackElo "2094"]
[PlyCount "122"]
[GameId "2160767912519842"]
[EventDate "1989.01.11"]
[EventType "tourn"]
[EventRounds "11"]
[EventCountry "CAN"]
[SourceTitle "mv"]

1. c4 e5 2. Nc3 Bb4 3. g3 Nf6 4. Bg2 O-O 5. e3 Bxc3 6. bxc3 e4 7. Ne2 d6 8. d4 exd3 9. Qxd3 Nbd7 10. f4 Nc5 11. Qd4 Bf5 12. O-O Re8 13. h3 Nd3 14. e4 Nxc1 15. Raxc1 Bxe4 16. Rce1 Bxg2 17. Kxg2 Re4 18. Qd2 Qd7 19. Nd4 c5 20. Nf3 Rae8 21. Rxe4 Nxe4 22. Qd3 h6 23. Ne5 Qe7 24. Qxe4 dxe5 25. Re1 f6 26. Qd5+ Kh8 27. fxe5 fxe5 28. Rf1 Rd8 29. Qe4 b6 30. Rf5 Re8 31. h4 g6 32. Rf2 Kg7 33. Rd2 h5 34. Rd5 Qe6 35. a3 Re7 36. Rd8 Qf7 37. Qd5 e4 38. Qxf7+ Kxf7 39. Kf2 Ke6 40. Ke3 Kf5 41. Rd5+ Re5 42. Rd7 Re6 43. Rxa7 Kg4 44. a4 Kxg3 45. Ra6 Kxh4 46. a5 g5 47. axb6 Re7 48. Ra5 Rb7 49. Rb5 g4 50. Kxe4 g3 51. Rb2 Kh3 52. Kd5 g2 53. Rxg2 Kxg2 54. Kxc5 h4 55. Kc6 Rh7 56. b7 Rh8 57. Kc7 h3 58. b8=Q Rxb8 59. Kxb8 h2 60. c5 h1=Q 61. c6 Qb1+ 0-1

[Event "Toronto Closed reserves"]
[Site "Toronto CAN"]
[Date "1989.02.22"]
[Round "7"]
[White "Cheron, Anthony"]
[Black "Veltmann, Martin"]
[Result "0-1"]
[WhiteElo "1967"]
[BlackElo "2044"]
[PlyCount "122"]
[GameId "2160767912519843"]
[EventDate "1989.01.11"]
[EventType "tourn"]
[EventRounds "11"]
[EventCountry "CAN"]
[SourceTitle "mv"]

1. e4 c5 2. Nf3 d6 3. d3 Nc6 4. g3 g6 5. Bg2 Bg7 6. O-O e5 7. c3 Nge7 8. h3 O-O 9. Ne1 f5 10. f4 d5 11. exf5 Nxf5 12. Qf3 e4 13. dxe4 dxe4 14. Qf2 Qe7 15. Nc2 b6 16. Ne3 Ba6 17. Nxf5 gxf5 18. Re1 Rad8 19. Na3 Bd3 20. Be3 Qe8 21. Kh2 Qg6 22. Rg1 Ne7 23. Nc2 Nd5 24. Bc1 Rd7 25. Ne3 Rfd8 26. Nxd5 Rxd5 27. Be3 Kh8 28. Bf1 Qd6 29. Rg2 a5 30. a3 Bxf1 31. Rxf1 Rd3 32. g4 fxg4 33. hxg4 Rd1 34. Rxd1 Qh6+ 35. Kg3 Rxd1 36. Rh2 Qg6 37. Rh5 Rd3 38. Qe2 Bd4 39. cxd4 cxd4 40. Qxd3 exd3 41. Bxd4+ Kg8 42. Bc3 Qd6 43. Rh2 Qd5 44. g5 Qe4 45. Rd2 Kf7 46. Kg4 Kg6 47. Rh2 Qe6+ 48. Kf3 Kf5 49. Be5 Qd5+ 50. Ke3 b5 51. Kd2 Qc4 52. Ke3 b4 53. axb4 axb4 54. Bd4 Qc1+ 55. Kxd3 Qf1+ 56. Re2 Kxf4 57. Bf6 Kf3 58. Kc4 Qxe2+ 59. Kxb4 Ke4 60. Ka5 Kd5 61. b4 Kc6 0-1

[Event "Toronto Closed reserves"]
[Site "Toronto CAN"]
[Date "1989.03.01"]
[Round "8"]
[White "Brandon, Christopher"]
[Black "Veltmann, Martin"]
[Result "1-0"]
[WhiteElo "2018"]
[BlackElo "2044"]
[PlyCount "97"]
[GameId "2160767912519844"]
[EventDate "1989.01.11"]
[EventType "tourn"]
[EventRounds "11"]
[EventCountry "CAN"]
[SourceTitle "mv"]

1. e4 c5 2. Nf3 d6 3. d4 cxd4 4. Nxd4 Nf6 5. Nc3 Nc6 6. Be2 e6 7. O-O Be7 8. f4 O-O 9. Kh1 Qc7 10. Be3 a6 11. Qe1 Nxd4 12. Bxd4 e5 13. fxe5 dxe5 14. Qg3 Bd6 15. Be3 Kh8 16. Bg5 Be7 17. Bxf6 Bxf6 18. Nd5 Qxc2 19. Nxf6 Qxe2 20. Rf2 Qc4 21. Nh5 Rg8 22. Qxe5 Be6 23. b3 Qb5 24. Qxb5 axb5 25. Rc1 Rgd8 26. Nf4 Rd4 27. e5 Re4 28. Nxe6 fxe6 29. h3 Rxe5 30. Rc7 b6 31. Rb7 h5 32. Rxb6 Rd8 33. Kh2 h4 34. Rf4 g5 35. Rf7 Re1 36. Rbb7 Re5 37. Rh7+ Kg8 38. Rhg7+ Kh8 39. Rh7+ Kg8 40. Rbg7+ Kf8 41. Ra7 Kg8 42. a4 bxa4 43. bxa4 Rf5 44. a5 Rd1 45. Rhg7+ Kf8 46. Rh7 Kg8 47. Rhg7+ Kf8 48. Rgb7 Rd8 49. a6 1-0

[Event "Toronto Closed reserves"]
[Site "Toronto CAN"]
[Date "1989.04.04"]
[Round "9"]
[White "Veltmann, Martin"]
[Black "Littke, Adam"]
[Result "0-1"]
[WhiteElo "2044"]
[BlackElo "2179"]
[PlyCount "66"]
[GameId "2160767912519845"]
[EventDate "1989.01.11"]
[EventType "tourn"]
[EventRounds "11"]
[EventCountry "CAN"]
[SourceTitle "mv"]

1. c4 e6 2. g3 d5 3. Bg2 Nf6 4. cxd5 exd5 5. d4 Bd6 6. Nc3 c6 7. Nf3 O-O 8. O-O Re8 9. Qc2 Bg4 10. a3 a5 11. Bg5 h6 12. Bxf6 Qxf6 13. Qd2 Nd7 14. Ne1 Nb6 15. e3 Nc4 16. Qc1 b5 17. f3 Nxe3 18. fxg4 Nxf1 19. Bxf1 Qxd4+ 20. Kh1 Bc5 21. Nf3 Qxg4 22. Bg2 Be3 23. Qc2 d4 24. Ne2 Rac8 25. Qd3 Qd7 26. a4 c5 27. Qxb5 Qxb5 28. axb5 Rb8 29. Bf1 Rxb5 30. Nexd4 Rxb2 31. Nf5 Rf2 32. Bg2 Bd2 33. Nxd2 Rxd2 0-1

[Event "Toronto Closed reserves"]
[Site "Toronto CAN"]
[Date "2022.02.01"]
[Round "10"]
[White "Walker, Trevor"]
[Black "Veltmann, Martin"]
[Result "0-1"]
[WhiteElo "1819"]
[BlackElo "2044"]
[PlyCount "62"]
[GameId "2160767912519846"]
[EventDate "1989.01.11"]
[EventType "tourn"]
[EventRounds "11"]
[EventCountry "CAN"]
[SourceTitle "mv"]

1. d4 Nf6 2. Nf3 e6 3. c4 c5 4. d5 exd5 5. cxd5 d6 6. Nc3 g6 7. e4 Bg7 8. Bg5 O-O 9. Nd2 h6 10. Bh4 Re8 11. Be2 a6 12. a4 Nbd7 13. O-O g5 14. Bg3 Ne5 15. Qc2 b6 16. Ra3 Rb8 17. Rb1 Nfd7 18. Nf1 c4 19. b4 cxb3 20. Raxb3 Nc5 21. Rb4 Qc7 22. Ne3 Bd7 23. Nc4 Nxc4 24. Rxc4 b5 25. axb5 axb5 26. Nxb5 Rxb5 27. Rxb5 Bxb5 28. Rxc5 Qxc5 29. Qxc5 dxc5 30. Bxb5 Rxe4 31. d6 f5 0-1

[Event "Toronto Closed reserves"]
[Site "Toronto CAN"]
[Date "1989.04.13"]
[Round "11"]
[White "Ellis, Steve"]
[Black "Veltmann, Martin"]
[Result "1/2-1/2"]
[WhiteElo "2083"]
[BlackElo "2044"]
[PlyCount "96"]
[GameId "2160767912519847"]
[EventDate "1989.01.11"]
[EventType "tourn"]
[EventRounds "11"]
[EventCountry "CAN"]
[SourceTitle "mv"]

1. Nf3 g6 2. c4 Bg7 3. g3 d6 4. Bg2 Nc6 5. O-O e5 6. Nc3 f5 7. d3 Nf6 8. Rb1 O-O 9. b4 Bd7 10. b5 Ne7 11. a4 h6 12. Ne1 Rb8 13. Nc2 g5 14. Nb4 f4 15. a5 Qc8 16. Nbd5 Nfxd5 17. Nxd5 Nxd5 18. Bxd5+ Be6 19. Bg2 Bh3 20. Ba3 Bxg2 21. Kxg2 Rf7 22. f3 Qe6 23. g4 Bf8 24. Qb3 Be7 25. Rfc1 h5 26. h3 hxg4 27. hxg4 Rh7 28. Rh1 Rxh1 29. Rxh1 Kg7 30. Qb1 Rh8 31. Rxh8 Kxh8 32. Qh1+ Kg7 33. Qh5 Qg6 34. Kh3 Qh6 35. Bb2 Bf6 36. Bc3 Qg6 37. Be1 b6 38. a6 Qh6 39. Bf2 Qg6 40. Qxg6+ Kxg6 41. e3 Kf7 42. exf4 exf4 43. Kg2 Ke6 44. Kf1 Bc3 45. d4 d5 46. c5 Ba5 47. Ke2 Kd7 48. c6+ Kd6 1/2-1/2

[Event "Toronto op"]
[Site "Toronto CAN"]
[Date "1989.04.??"]
[Round "?"]
[White "Walker, Ben"]
[Black "Norwood, David"]
[Result "1-0"]
[WhiteElo "2188"]
[BlackElo "2492"]
[PlyCount "81"]
[GameId "2160767912519989"]
[EventDate "1989.??.??"]
[EventType "swiss"]
[EventRounds "6"]
[EventCountry "CAN"]
[SourceTitle "CFC 1989.06"]

1. Nf3 g6 2. e4 Bg7 3. d4 d6 4. c3 Nf6 5. Bd3 O-O 6. O-O Nc6 7. Re1 e5 8. h3 exd4 9. cxd4 Nb4 10. Bf1 c5 11. a3 Nc6 12. d5 Ne7 13. Nc3 a6 14. a4 h6 15. Ra3 g5 16. Nh2 Ng6 17. g3 Rb8 18. f4 Nh7 19. Qh5 Qe8 20. Bd2 b5 21. axb5 axb5 22. Nd1 b4 23. Ra7 Qd8 24. Bc4 Qf6 25. e5 dxe5 26. fxg5 Nxg5 27. Rf1 Qb6 28. Bxg5 Qxa7 29. Bxh6 Rb6 30. Be3 Rf6 31. Rxf6 Bxf6 32. d6 Bg7 33. Qxg6 Qa1 34. Qh5 Bxh3 35. Qxh3 Qxd1+ 36. Nf1 Qxd6 37. Qf5 Qf6 38. Qe4 Qd6 39. b3 Rc8 40. Bxf7+ Kh8 41. Qh4+ 1-0

[Event "U of Alberta op"]
[Site "Edmonton CAN"]
[Date "1989.04.29"]
[Round "?"]
[White "Bentley, Bill"]
[Black "Asquith, Tom"]
[Result "1-0"]
[WhiteElo "1893"]
[BlackElo "1458"]
[PlyCount "51"]
[GameId "2160767912519468"]
[EventDate "1989.04.29"]
[EventType "swiss"]
[EventCountry "CAN"]

1. d4 Nf6 2. c4 e6 3. Nc3 Bb4 4. e3 b6 5. Nge2 Bb7 6. Ng3 Ne4 7. Ngxe4 Bxe4 8. Qg4 Bg6 9. h4 f5 10. Qf3 c6 11. Bd2 Be7 12. h5 Bf7 13. Bd3 g5 14. hxg6 Bxg6 15. e4 Bg5 16. O-O-O Rf8 17. exf5 Bxd2+ 18. Rxd2 Ke7 19. Re2 Na6 20. Qg3 Bxf5 21. Bxf5 Rxf5 22. Rxh7+ Rf7 23. Qg5+ Ke8 24. Rh8+ Rf8 25. Qg6+ Ke7 26. Rh7+ 1-0

[Event "U of Alberta op"]
[Site "Edmonton CAN"]
[Date "1989.04.29"]
[Round "1"]
[White "Asquith, Tom"]
[Black "Hanchar, Art"]
[Result "0-1"]
[WhiteElo "1458"]
[BlackElo "1826"]
[PlyCount "53"]
[GameId "2160767912519469"]
[EventDate "1989.04.29"]
[EventType "swiss"]
[EventCountry "CAN"]

1. e4 c5 2. c3 d5 3. exd5 Qxd5 4. Nf3 e5 5. Na3 e4 6. Ng1 Nf6 7. Bc4 Qg5 8. Kf1 Qg6 9. Ne2 a6 10. Ng3 Bd6 11. d4 cxd4 12. cxd4 O-O 13. Nc2 Nc6 14. a4 Be6 15. d5 Bg4 16. f3 exf3 17. Bd3 fxg2+ 18. Kxg2 Bxd1 19. Bxg6 Bxc2 20. Bxc2 Nb4 21. Bb3 Nbxd5 22. Rd1 Bxg3 23. Kxg3 Rfd8 24. Bc2 Nb4 25. Rxd8+ Rxd8 26. Bb1 Rd1 27. Be3 0-1

[Event "U of Alberta op"]
[Site "Edmonton CAN"]
[Date "1990.04.28"]
[Round "1"]
[White "Dartana, Christiaan"]
[Black "Asquith, Tom"]
[Result "1/2-1/2"]
[WhiteElo "1962"]
[BlackElo "1542"]
[PlyCount "79"]
[GameId "2160767912519470"]
[EventDate "1989.04.29"]
[EventType "swiss"]
[EventCountry "CAN"]

1. e4 d6 2. d4 Nf6 3. Nc3 g6 4. Nf3 Bg7 5. h3 O-O 6. Be3 a6 7. Qd2 b6 8. O-O-O Bb7 9. Bd3 Nbd7 10. Bh6 e5 11. Bxg7 Kxg7 12. dxe5 dxe5 13. Qe3 Qe7 14. Nd2 b5 15. Nb3 c5 16. Na5 Rfb8 17. Nxb7 Rxb7 18. Be2 Nb6 19. g4 b4 20. Nb1 Rc8 21. Bxa6 b3 22. axb3 c4 23. Bxb7 Qxb7 24. Nc3 cxb3 25. g5 Nfd7 26. cxb3 Nc5 27. Kb1 Nxb3 28. Nd5 Nc4 29. Qe1 Na3+ 30. bxa3 Nd2+ 31. Ka1 Nb3+ 32. Kb2 Nd4+ 33. Qb4 Qa7 34. Rxd4 exd4 35. Qd2 Rb8+ 36. Nb4 Qc5 37. Rd1 Rd8 38. Rc1 Qb5 39. f4 Qd7 40. Qd3 1/2-1/2

[Event "U of Alberta op"]
[Site "Edmonton CAN"]
[Date "1989.04.29"]
[Round "3"]
[White "Asquith, Tom"]
[Black "Dartana, Christiaan"]
[Result "1-0"]
[WhiteElo "1458"]
[BlackElo "2016"]
[PlyCount "95"]
[GameId "2160767912519471"]
[EventDate "1989.04.29"]
[EventType "swiss"]
[EventCountry "CAN"]

1. e4 c5 2. Nf3 d6 3. d4 cxd4 4. Nxd4 a6 5. Nc3 Nf6 6. Bg5 Nbd7 7. Qd2 b5 8. Bd3 Bb7 9. O-O-O Rc8 10. Rhe1 g6 11. f4 Bg7 12. e5 dxe5 13. fxe5 Ng4 14. e6 Nc5 15. exf7+ Kxf7 16. Rxe7+ Qxe7 17. Bxe7 Kxe7 18. Qe2+ Ne5 19. Be4 Nxe4 20. Nxe4 Rhd8 21. Ng5 Rc4 22. Nge6 Bh6+ 23. Kb1 Rd5 24. b3 Rc8 25. Qe4 Kd6 26. Nf4 Bxf4 27. Qxf4 Re8 28. Qf6+ Kd7 29. Qb6 Kc8 30. c4 bxc4 31. bxc4 Nd7 32. Qb4 Rc5 33. Nb3 Rc7 34. Rd2 Re6 35. c5 Re4 36. Qc3 Re8 37. Qh3 h5 38. Qg3 Ne5 39. Re2 Ree7 40. Na5 Bd5 41. Qh3+ Ng4 42. Rxe7 Rxe7 43. Qh4 Re5 44. h3 Nh6 45. c6 Nf5 46. Qb4 Bxc6 47. Nxc6 Rb5 48. Na7+ 1-0

[Event "U of Alberta op"]
[Site "Edmonton CAN"]
[Date "1989.04.30"]
[Round "4"]
[White "De Windt, Cor"]
[Black "Asquith, Tom"]
[Result "0-1"]
[WhiteElo "1643"]
[BlackElo "1458"]
[PlyCount "66"]
[GameId "2160767912519472"]
[EventDate "1989.04.29"]
[EventType "swiss"]
[EventCountry "CAN"]

1. d4 d5 2. c4 e6 3. Nc3 Nf6 4. Bg5 Be7 5. e3 Nbd7 6. Nf3 O-O 7. c5 a6 8. h3 c6 9. Bd3 b6 10. b4 Rb8 11. Bf4 Ra8 12. Qb1 g6 13. g4 Re8 14. Ne5 bxc5 15. Nxc6 Qb6 16. Nxe7+ Rxe7 17. dxc5 Nxc5 18. bxc5 Qxc5 19. Qc2 d4 20. exd4 Qxd4 21. Be3 Qe5 22. Rb1 Rc7 23. Rb3 Bb7 24. Rxb7 Rxb7 25. Kd2 Rd7 26. f4 Qa5 27. Qa4 Qd8 28. Qc2 Rc8 29. Rb1 Ne4+ 30. Ke1 Rxc3 31. Rb8 Qxb8 32. Qa4 Rdxd3 33. Ke2 Rxe3+ 0-1